Top 10 nombres de perros más comunes por pais - Estadísticas

Estadísticas generales
  • Esta prueba ha sido intentada 23 veces
  • La puntuación promedio es 3 de 15
Estadísticas de respuestas
Hint Respuesta % Correcto
España Luna/Thor
45%
Corea del sur Coco
41%
EEUU Max
41%
Reino Unido Luna
36%
Suiza Rocky
32%
México Nala
23%
Rusia Zeus
18%
Italia Leo
9%
Argentina Milo
9%
Alemania Balu
5%
Japón Sora
5%
Canadá Bella
0%
Austria Buddy
0%
Islandia Moli
0%
Indonesia Molly
0%
No se encontraron pruebas coincidentes
Distribución de puntuación
Porcentaje de gente con cada puntuación
Porcentaje por número respondido
Historial de tus puntuaciones
No has intentado esta prueba.